00645nam a2200121Ia 4500008004100000100002600041245008900067245019600156260004700352260000900399650002200408856009300430160809s9999 xx 000 0 und d aFichten, Catherine S. aHOW WELL DO THEY READ? BRIEF ENGLISH AND FRENCH SCREENING TOOLS FOR COLLEGE STUDENTS cCatherine S. Fichten Mai N. Nguyen Laura King Alice Havel Zohra Mimouni Maria Barile Jillian Budd Shirley Jorgensen Alexandre Chauvin Jennifer Gutberg Adaptech Research Network, Dawson Colle. bInternational Journal of Special Education c2014 xSPECIAL EDUCATION uhttp://www.internationaljournalofspecialed.com/issues/IJSE%20ENTIRE%20ISSUE%2029%201.pdf